| 000 | 01097nam a2200301 a 4500 | ||
|---|---|---|---|
| 001 | |||
| 003 | DO-SdBNP | ||
| 005 | 20220302112309.0 | ||
| 008 | 110224s2017 dr 000 p spa d | ||
| 020 | _a9789945503036 | ||
| 040 |
_aDO-SdBNP _bspa _cBPMSU |
||
| 082 |
_aRD861.44 _bS194p 2017 _222 |
||
| 100 | 1 |
_aSánchez Lamouth, Juan _d1929-1968 |
|
| 245 | 1 | 0 |
_aPresencia de los frutos : _b(selección poética) / _cJuan Sánchez Lamouth ; prólogo Manuel García Cartagena ; selección Cayo Claudio Espinal, José Enrique García. |
| 260 |
_aSanto Domingo : _bMinisterio de cultura, _c2017. |
||
| 300 |
_a164 p. ; _c20 cm. |
||
| 490 | 0 |
_aBiblioteca dominicana básica ; _apoesía _v2 |
|
| 490 | 1 | _aPoesía | |
| 500 | _aIncluye datos biográficos del autor en las solapas. | ||
| 590 | _aInventariado, 2021/VM | ||
| 650 | 4 |
_aPoesía dominicana _vColecciones |
|
| 650 | 4 | _aLiteratura dominicana | |
| 700 | 1 |
_aGarcía Cartagena, Manuel _eprólogo |
|
| 700 | 1 |
_aEspinal,Cayo Claudio _eSelección |
|
| 700 | 1 |
_aGarcía, José Enrique _eselección |
|
| 910 | _aVMateo V | ||
| 942 |
_2ddc _cBK |
||
| 999 |
_c13711 _d13711 |
||